Establecimientos y evaluación de herramientas de manejo del paisaje desde la reconversión productiva de paisajes andinos - paisaje rural cafetero del municipio de El Cairo (Valle) (Registro nro. 4853)
[ vista simple ]
| 000 -CABECERA | |
|---|---|
| Campo de control | 01105nam a2200229 a 4500 |
| 005 - FECHA Y HORA DE LA ULTIMA TRANSACCION | |
| Campo de control | 20180803165226.0 |
| 008 - ELEMENTOS DE LONGITUD FIJA—INFORMACION GENERAL | |
| Campo de control | 131126b2005 ck ||||| |||| 00| 0 spa d |
| 040 ## - FUENTE DE CATALOGACIÓN | |
| Agencia transcriptora | CO-BoIH |
| 041 ## - IDIOMA | |
| Código de idioma para texto/pista de sonido o título separado | Español |
| 044 ## - PAÍS DE PUBLICACIÓN | |
| País de publicación | Colombia |
| 090 ## - CLASIFICACIÓN LOCAL | |
| Colección | IAVH |
| Consecutivo | 00459 |
| 110 ## - ASIENTO PRINCIPAL--NOMBRE CORPORATIVO | |
| Unidad subordinad | Corporación Serraniaguas |
| 245 ## - MENCION DE TITULO | |
| Título | Establecimientos y evaluación de herramientas de manejo del paisaje desde la reconversión productiva de paisajes andinos - paisaje rural cafetero del municipio de El Cairo (Valle) |
| 260 ## - PUBLICACION, DISTRIBUCION, ETC. (PIE DE IMPRENTA) | |
| Lugar de publicación, distribución, etc. | El Cairo |
| Nombre del editor, distribuidor, etc. | Serraniaguas |
| -- | Instituto Alexander von Humboldt |
| Fecha de publicación, distribución, etc. | 2005 |
| 300 ## - DESCRIPCION FISICA | |
| Extensión | 142 p. |
| 500 ## - NOTA GENERAL | |
| Nota general | Informe tecnico contrato Nº.161 entre el Instituto de Investigación de Recursos Biológicos Alexander von Humboldt y la corporacion Serraniagua.<br/><br/> |
| 520 ## - NOTA DE RESUMEN, ETC. | |
| Nota de resumen | La conservación de la biodiversidad,debido a los resultados obtenidos con las caracterizaciones biológicas, las condiciones climáticas y su ubicación dentro de la serranía de los Paraguas. |
| 650 ## - ASIENTO SECUNDARIO DE MATERIA - TERMINO TEMATICO | |
| Término temático o nombre geográfico como elemento de entrada | Zona cafetera |
| Subdivisión geográfica | El cairo (Valle de Cauca) |
| 650 ## - ASIENTO SECUNDARIO DE MATERIA - TERMINO TEMATICO | |
| Término temático o nombre geográfico como elemento de entrada | Biodiversidad |
| 942 ## - ELEMENTOS ADICIONALES (KOHA) | |
| Tipo de ítem | Informe Técnico |
| Sistema de clasificación | Local |
| 945 ## - PROCESAMIENTO LOCAL | |
| AAAA-MM-DD - Fecha de ingreso o modificacion | 2005-11-22 |
| Withdrawn status | Lost status | Sistema de Clasificación | Damaged status | No para préstamo | Colección | Inventariado | Ubicación Permanente | Ubicación actual | Fecha de adquisición | Fuente de Valor | Total Checkouts | Número topográfico | Inventario / Código de Barras | Date last seen | Ejemplar | Price effective from | Forma de adquisición | Tipo de material |
|---|---|---|---|---|---|---|---|---|---|---|---|---|---|---|---|---|---|---|
| Local | Humboldt | Inventariado 2017 | Villa de Leyva | Villa de Leyva | 22/11/2005 | CID Humboldt | IAVH-00459 | 022354 | 09/08/2024 | Ej. 1 | 04/12/2012 | Informe Técnico | ||||||
| Local | Audiovisual | Villa de Leyva | Villa de Leyva | 22/11/2005 | CID Humboldt | IAVH-00459 | 022355 | 04/12/2012 | Ej. 2 | 04/12/2012 | CD-ROM |